00329nam a2200133Ia 4500008004100000020001500041100002200056245005000078250000800128260002500136300000800161650001400169700001200183221030s9999 xx 000 0 und d a8131721018 aE. Rich K. Knight 0aArtificial Intelligencecby E. Rich K. Knight a2nd bTMTaNew Delhic2012 a621 aComputers aE. Rich